000 00423nam a22001817a 4500
003 CEME
005 20210628205817.0
008 210317b xxu||||| |||| 00| 0 eng d
020 _a969-35-0085-7
040 _c.
082 _a891.4393 BAN
100 _aBano Qudsia
_99437
245 _aAmmer bail
260 _aLAHORE
_bSANG-E-MEEL
_c1998
300 _a248P
650 _aURDU ADAB-FICTIONS
_965572
942 _cBK
_2ddc
999 _c582429
_d582429